| 000 | 01388cam9a220034901 4500 | ||
|---|---|---|---|
| 001 | lce00394180 | ||
| 008 | 780822s1979 mdua b 001 0 eng | ||
| 010 | _a 78012191 //r89 | ||
| 020 | _a0839110871 | ||
| 035 | _a(Sirsi) r49297 | ||
| 035 | _a(DLC) 78012191 //r89 | ||
| 035 | _a(UPRA)lce00394180 | ||
| 040 | _dICU | ||
| 050 | 0 |
_aQP501 _b.B527 vol. 21 _aQR84 |
|
| 060 |
_aW1 IN8296 v. 21 _aQW4.3 M626 |
||
| 082 |
_a574.1/92/08 s _a576/.11/92 |
||
| 245 | 0 | 0 |
_aMicrobial biochemistry / _cedited by J. R. Quayle. |
| 260 |
_aBaltimore : _bUniversity Park Press, _cc1979. |
||
| 440 | 0 |
_aInternational review of biochemistry ; _vv. 21 _6S2466.1 |
|
| 504 | _aIncludes bibliographical references and index. | ||
| 650 | 0 |
_aMicrobiological chemistry. _6S4501.1 |
|
| 650 | 2 |
_aMicrobiology. _6S210.1 |
|
| 700 | 1 |
_aQuayle, J. R. _6A7326.1 |
|
| 949 |
_aQP501 _vVOL. 212 _wLC _i33729000127675 _mMEDICAL _p2500 _tBOOK _lON-SHELF |
||
| 949 |
_aQP501 _vVOL. 211 _wLC _i33729000127683 _mMEDICAL _p2500 _tBOOK _lON-SHELF |
||
| 949 |
_aQP501 _vVOL. 213 _wLC _i-61469 _mMEDICAL _p2500 _tBOOK _lON-SHELF |
||
| 949 |
_aQP501 _vVOL. 214 _wLC _i-61470 _mMEDICAL _p2500 _tBOOK _lON-SHELF |
||
| 949 |
_aQP501 _vVOL. 215 _wLC _i-61471 _mMAIN _p2500 _tBOOK _lON-SHELF |
||
| 949 |
_aQP501 _vVOL. 216 _wLC _i-61472 _mMEDICAL _p2500 _tBOOK _lON-SHELF |
||
| 949 |
_aQP501 _vVOL. 217 _wLC _i-61473 _mMAIN _p2500 _tBOOK _lON-SHELF |
||
| 004 | 49297 | ||
| 999 |
_c49537 _d49537 |
||